Anuario de Derecho a la Educacin̤

Detalles Bibliográficos
Formato: eBook
Lenguaje:español
Publicado: Madrid : Dykinson, 2014 -
Materias:
Acceso en línea:Acceso restringido

MARC

LEADER 00000nam a22000007aa4500
005 20141010114522.0
007 cr|||| ||||
008 141010c20149999sp |||| s|||| 0|||a1spa d
035 |a 12431 
040 |a vLex 
090 |c 5224  |d 5224 
245 0 0 |a Anuario de Derecho a la Educacin̤  |h [Recurso electrn̤ico]  
256 |a Servicio en ln̕ea 
260 |a Madrid :  |b Dykinson,  |c 2014 - 
300 |a 1 recurso electrn̤ico 
310 |a Anual 
362 |a Nm︢. 1 (2014) - 
506 1 |a Contenido disponible en los productos indicados  |d vLex Global  |d vLex Global (Academic Edition, excluding Law Schools)  |d vLex Global (U.S. Academic Edition, Law Schools)  |d vLex Global (U.S. Academic Edition, excluding Law Schools)  |d vLex Global (Academic Edition, Law Schools) 
650 0 4 |a Educacin̤  |e Derecho  |z Espaą 
740 0 |a vLex Revistas (Servicio en ln̕ea) 
856 4 0 |u http://vlex.com/source/anuario-derecho-educacion-2013-12431  |z Acceso restringido 
942 |c REV 
999 0 |a Education 
999 0 |a Law